000 01473cam a2200157 4500500
005 20260111070003.0
041 _afre
042 _adc
100 1 0 _aMortelette, Yann
_eauthor
245 0 0 _aBernard Roukhomovsky, Jessica Desclaux and Élodie Dufour (eds.). Les Cahiers d’Henri de Régnier. Enjeux éditoriaux et perspectives critiques. Paris, Classiques Garnier, coll. “Rencontres”, 2023, 344 pages.
260 _c2025.
500 _a66
520 _aThe similarities between Béatrix and La Muse du département are significant: Balzac’s two novels show female characters struggling with literary creation and construct their representations with reference to the guiding personalities Germaine de Staël and George Sand. The different way they are depicted allows them to be seen as complementary: the situation of women writers is treated from the point of view either of the exception (Camille Maupin in Béatrix) or the rule (Dinah de La Baudraye in La Muse du département). The two novels can be read as a way of challenging the authority of the “Code-Homme”, an expression used in La Muse du département to refer to the language used by men when talking about women. In these novels, Balzac plays with this code and therefore loosens it, by revealing it as a code.
786 0 _nRomantisme | 206 | 4 | 2025-01-03 | p. 148-150 | 0048-8593
856 4 1 _uhttps://shs.cairn.info/journal-romantisme-2024-4-page-148?lang=en&redirect-ssocas=7080
999 _c1614761
_d1614761